Score 0/10 Timer 00:30
5 Plays Today
% Correct
Cuckoo's
94.1%
Can't
93.5%
Country
92.9%
Chariots
92.7%
Connection
92%
Cowboy
87.7%
Casablanca
84.6%
Chicago
74.6%
Crash
69.1%
Cimarron
68.1%

Today's Daily Dose

Word Ladder
Manners?

Quick Pick
Bat and Ball

Get the Picture
Disney Villains VI

You're not logged in!

Compare scores with friends on all Sporcle quizzes.
OR
Log In

Sporcle TV

Today on Sporcle TV


Watch our educational content, quiz creation guides, and fun videos on Sporcle TV.

Show Comments

Extras

Top Quizzes Today


Score Distribution

Paid Content

Your Account Isn't Verified!

In order to create a playlist on Sporcle, you need to verify the email address you used during registration. Go to your Sporcle Settings to finish the process.

Report this User

Report this user for behavior that violates our Community Guidelines.

Details: